Fledolin: (Record no. 60502)

MARC details
000 -LEADER
fixed length control field 00846cam a2200205 a 4500
005 - DATE AND TIME OF LATEST TRANSACTION
control field 2012010907487.0
020 ## - INTERNATIONAL STANDARD BOOK NUMBER
International Standard Book Number 9788189934385
Terms of availability 150.00
037 ## - SOURCE OF ACQUISITION
Source of stock number/acquisition PUB
100 ## - MAIN ENTRY--PERSONAL NAME
Personal name Damm, Antje
245 ## - TITLE STATEMENT
Title Fledolin:
Statement of responsibility, etc by Antje Damm; translated from the German by Shatabadi Ghosh & Sophie Trauer
Remainder of title upside down /
260 ## - PUBLICATION, DISTRIBUTION, ETC. (IMPRINT)
Place of publication, distribution, etc New Delhi
Name of publisher, distributor, etc Katha
Date of publication, distribution, etc 2009
270 ## - ADDRESS
Address A3 Sarvodaya Enclave Sri Aurobindo Marg,
City New Delhi
Postal code 110017
Telephone number 26524350
Fax number 26514373
Electronic mail address kathavilasam@katha.org
300 ## - PHYSICAL DESCRIPTION
Extent unpages
Dimensions 26cm(pbk)
Other physical details ill.
650 ## - SUBJECT ADDED ENTRY--TOPICAL TERM
Topical term or geographic name as entry element Short stories, Indic
General subdivision Translations into English.
650 ## - SUBJECT ADDED ENTRY--TOPICAL TERM
Topical term or geographic name as entry element Indic fiction
Chronological subdivision 20th century
General subdivision Translations into English.
700 ## - ADDED ENTRY--PERSONAL NAME
Personal name Ghosh, Shatabadi
9 (RLIN) 38629
700 ## - ADDED ENTRY--PERSONAL NAME
Personal name Trauer, Sophie
9 (RLIN) 38630
942 ## - ADDED ENTRY ELEMENTS (KOHA)
Source of classification or shelving scheme Dewey Decimal Classification
Item type Children Books
Call number suffix DAM
Holdings
Withdrawn status Lost status Not for loan Home library Current library Date acquired Cost, normal purchase price Full call number Cost, replacement price Koha item type
    Ordered Andrews Gunj Andrews Gunj 09/01/2012 150.00 DAM 150.00 Children Books

© Delhi Public Library
Hit Counter
free hit counter